00381nam a2200133 a 45000010010000000030011000100080041000210350026000620820016000881000021001042450049001252600056001746500017002300000-9087ELIB.Books110520 1961  a(ELIB.Books)0000-9236 a225.7 bTas aTasker, R. V. G. aTyndale(The Gospel according to St. Matthew) bGrand Rapids: Wm. B. Eerdmans Publishing Co. c1961 aCommentaries